Criminal justice

Sparad:
Bibliografiska uppgifter
Huvudupphovsman: Inciardi, James A.
Materialtyp: Bok
Språk:Undetermined
Publicerad: Boston, MA. McGraw-Hill 2005
Ämnen:
Taggar: Lägg till en tagg
Inga taggar, Lägg till första taggen!
Thư viện lưu trữ: Trung tâm Học liệu Trường Đại học Cần Thơ
LEADER 00554nam a2200205Ia 4500
001 CTU_130865
008 210402s9999 xx 000 0 und d
020 |c 195 
082 |a 364.973 
082 |b I.36 
100 |a Inciardi, James A. 
245 0 |a Criminal justice 
245 0 |c James A. Inciardi 
260 |a Boston, MA. 
260 |b McGraw-Hill 
260 |c 2005 
650 |a Criminal justice, Administration of,Crime 
650 |z United States.,United States. 
904 |i Minh 
980 |a Trung tâm Học liệu Trường Đại học Cần Thơ